000 00522nam a22001937a 4500
003 koha_MIRAKIL
005 20231213095839.0
008 231213b |||||||| |||| 00| 0 ||| d
020 _b978-9-75263204-2
040 _aTR-IsEVY
_btur
_cTR-IsEVY
082 _aFIC BOY/S
100 _aBoyunağa, Ahmet Yılmaz.
245 0 _aSatıcı çocuk
260 _bTimaş,
_c2014
300 _a110 s.
650 _aChildren's literature -- Fiction, Turkish.
650 _aÇocuk edebiyatı -- Roman, Türk.
942 _2ddc
_cBK
999 _c10425
_d10425